• 首页
  • 本馆介绍
  • 公告通知
  • 最新文献
  • 馆藏检索
  • 电子资源
  • 读者导购
  • 参考咨询
  • 我的图书馆
  • 登录
  • 详细信息显示
  • 放入我的书架
  • 预约/预借图书
  • 作者相关作品
  • 分类相关作品
  • 丛书相关作品
  • 出版社相关作品

书目信息

  • 表格格式
  • 工作单格式
  • 卡片格式
题名:
当代视阈下大学生心理健康教育理论与实践研究
    
 
作者: 刘栋 , 薛少一 著
分册:  
出版信息: 北京   中国书籍出版社  2016.08
页数: 265页
开本: 24cm
丛书名: 高校学术文库
单 册:
中图分类: G444 , B844.2
科图分类:
主题词: 大学生--心理健康--健康教育--研究 , 发展心理学
电子资源:
ISBN: 978-7-5068-5786-4
000 01314oam2 2200289 450
001 4359
005 20180613141520.66
010    @a978-7-5068-5786-4@dCNY52.00
100    @a20180612d2016 em y0chiy50 ea
101 0  @achi
102    @aCN@b110000
105    @ay z 000yy
200 1  @a当代视阈下大学生心理健康教育理论与实践研究@9dang dai shi yu xia da xue sheng xin li jian kang jiao yu li lun yu shi jian yan jiu@f刘栋,薛少一著
210    @a北京@c中国书籍出版社@d2016.08
215    @a265页@d24cm
225 1  @a高校学术文库@i人文社科研究论著丛刊
330    @a本书共分为九章。其中,第一章对大学生心理健康进行概要的论述;第二章阐释当代大学生心理健康教育的理论基础;第三章对当代大学生学习心理进行深入的探究;第四章对当代大学生人际交往心理进行系统的研究;第五章专门研究当代大学生的恋爱心理;第六章对当代大学生的就业心理进行深入的分析;第七章对当代高校心理健康教育工作建设进行系统的论述;第八章对当代大学生心理咨询进行概要的介绍;第九章对当代大学生心理辅导进行专门的研究。
461  0 @12001 @a高校学术文库
462  0 @12001 @a人文社科研究论著丛刊
606 0  @a大学生@x心理健康@x健康教育@x研究
606 0  @a发展心理学
690    @aG444@v5
690    @aB844.2@v4
701  0 @a刘栋@9liu dong@4著
701  0 @a薛少一@9xue shao yi@4著
801  0 @aCN@b91MARC@c20180612
905    @aMuseLib@dB844.2@e2406
    
    当代视阈下大学生心理健康教育理论与实践研究/刘栋,薛少一著.-北京:中国书籍出版社,2016.08
    265页;24cm.-(高校学术文库.人文社科研究论著丛刊)
    
    
    ISBN 978-7-5068-5786-4:CNY52.00
    本书共分为九章。其中,第一章对大学生心理健康进行概要的论述;第二章阐释当代大学生心理健康教育的理论基础;第三章对当代大学生学习心理进行深入的探究;第四章对当代大学生人际交往心理进行系统的研究;第五章专门研究当代大学生的恋爱心理;第六章对当代大学生的就业心理进行深入的分析;第七章对当代高校心理健康教育工作建设进行系统的论述;第八章对当代大学生心理咨询进行概要的介绍;第九章对当代大学生心理辅导进行专门的研究。
●
相关链接 在E读中查询图书 在五车中查询图书 在当当中查询图书 在豆瓣中查询图书


正题名:当代视阈下大学生心理健康教育理论与实践研究     索取号:B844.2/2406         预约/预借

序号 登录号 条形码 馆藏地/架位号 状态 备注
1 1117153   211171532   第一样本阅览室/ [索取号:B844.2/2406] 在馆    
2 1117154   211171541   教育系资料室/ [索取号:B844.2/2406] 在馆    
3 1117155   211171550   教育系资料室/ [索取号:B844.2/2406] 在馆    
4 1117156   211171569   教育系资料室/ [索取号:B844.2/2406] 在馆    
5 1117157   211171578   第一借阅区/ [索取号:B844.2/2406] 在馆    
唐山师范学院图书馆 欢迎您!
大连网信软件有限公司© 版权所有